000 00612nam a2200241 a 4500
001 nice12345678
003 IN_TiNIC
005 20260116013128.0
008 050524s1988 bosa grp 000 0 eng
020 _a0807014
_c399
082 0 0 _a291
_bPAD
100 _aPaden, William E
245 _aReligious Worlds
_b the Comparative Study of Religion
260 _aBoston
_bBeacon Press
_c1988
300 _a192p.
500 _aincludes index and biblioraphy
505 2 _aIndex
650 _aComparative Religion
700 1 _aPaden, William E
902 _bSRS
942 _cBK
999 _c9775
_d9775